000 00580nam a2200121Ia 4500
008 220615s9999||||xx |||||||||||||| ||und||
245 0 _aMinimally Invasive Glaucoma Surgery
546 _aEnglish[eng]
650 _aOphthalmology||Surgery||Open Access||Aqueous outflow drainage pathways||iStent Trabecular Microbypass Stent in MIGS||Ab Interno Trabeculotomy in MIGS||Microshunt in MIGS||MIGS controversies
700 _aSng, Chelvin C. A.||Barton, Keith
856 _uhttps://library.oapen.org/bitstream/20.500.12657/42931/1/2021_Book_MinimallyInvasiveGlaucomaSurge.pdf
942 _cEB
999 _c8901
_d8901